000 00324 a2200157 4500
001 68837
020 _a8574883611
040 _cAnchieta - Itaigara
240 1 0 _aA pequena sereia
_lpor
245 1 0 _aA pequena sereia
300 _a21
362 0 _a0
440 1 _aGirassol
650 4 _aLiteratura infantil
942 _cBK
999 _c68837
_d68837